[Event "Championnat de France - Open A"]
[Site "Chartres"]
[Date "2005.08.??"]
[Round "7.5"]
[White "Rigolot, Matthieu"]
[Black "Lafaurie, Pierre"]
[Result "1-0"]
[WhiteElo "2121"]
[BlackElo "2144"]
[PlyCount "87"]
[EventDate "2005.??.??"]

1. d4 d5 2. c4 e6 3. g3 Nf6 4. Bg2 dxc4 5. Nf3 Nc6 6. O-O Rb8 7. e3 b5 8. Nfd2
Bb7 9. b3 Nxd4 10. Bxb7 Rxb7 11. exd4 Qxd4 12. Qc2 Qxa1 13. Nc3 b4 14. Bb2
Qxf1+ 15. Kxf1 bxc3 16. Bxc3 Be7 17. Bxf6 Bxf6 18. Qe4 cxb3 19. Qxb7 bxa2 20.
Qc8+ Bd8 21. Qa6 O-O 22. Qxa2 Be7 23. Qxa7 Bd6 24. Ne4 h6 25. Kg2 f5 26. Nxd6
cxd6 27. Qe7 e5 28. Qxd6 e4 29. h4 h5 30. Qg6 f4 31. gxf4 Rxf4 32. Qe8+ Kh7 33.
Qxh5+ Kg8 34. Kg3 Rf3+ 35. Qxf3 exf3 36. Kxf3 g6 37. Kg4 Kf7 38. h5 gxh5+ 39.
Kxh5 Ke6 40. Kg4 Ke5 41. Kg5 Ke6 42. f4 Ke7 43. Kg6 Ke8 44. Kg7 1-0

[Event "Championnat de France - Open A"]
[Site "Chartres"]
[Date "2005.08.??"]
[Round "7.6"]
[White "Choisy, Mathilde"]
[Black "Pietrasanta, Jeremy"]
[Result "1/2-1/2"]
[WhiteElo "2113"]
[BlackElo "2178"]
[PlyCount "28"]
[EventDate "2005.??.??"]

1. e4 g6 2. d4 Bg7 3. Nc3 c6 4. Nf3 d6 5. Be3 b5 6. Bd3 Nd7 7. Qd2 a6 8. a4 Bb7
9. O-O e5 10. axb5 cxb5 11. dxe5 dxe5 12. Bxb5 axb5 13. Nxb5 Kf8 14. Rad1 Ba6
1/2-1/2

[Event "Championnat de France - Open A"]
[Site "Chartres"]
[Date "2005.08.??"]
[Round "7.7"]
[White "Pieroni, Guillaume"]
[Black "Dube, Dimitri"]
[Result "1-0"]
[WhiteElo "2097"]
[BlackElo "2136"]
[PlyCount "53"]
[EventDate "2005.??.??"]

1. e4 Nf6 2. e5 Nd5 3. d4 c5 4. Nf3 cxd4 5. Qxd4 e6 6. c3 Nc6 7. Qe4 f5 8. exf6
Nxf6 9. Qc2 d5 10. Bg5 e5 11. Bb5 Bd6 12. Qe2 O-O 13. Nbd2 e4 14. Ng1 Ne5 15.
f4 Nf7 16. Bxf6 Qxf6 17. g3 g5 18. fxg5 Nxg5 19. O-O-O Qh6 20. Qe3 Bg4 21. Be2
Qh5 22. h4 Nf3 23. Nxe4 Rae8 24. Bxf3 Rxf3 25. Nxf3 dxe4 26. Rxd6 Bxf3 27. Re1
1-0

[Event "Championnat de France - Open A"]
[Site "Chartres"]
[Date "2005.08.??"]
[Round "7.8"]
[White "Polard, Gaetan"]
[Black "Veron, Cyprien"]
[Result "1/2-1/2"]
[WhiteElo "2165"]
[BlackElo "2133"]
[PlyCount "25"]
[EventDate "2005.??.??"]

1. e4 d5 2. exd5 Qxd5 3. Nc3 Qa5 4. d4 Nf6 5. Nf3 c6 6. Bc4 Bf5 7. Bd2 Nbd7 8.
Nd5 Qd8 9. Nxf6+ Nxf6 10. c3 e6 11. Qe2 Bd6 12. Ne5 Qc7 13. g4 1/2-1/2

[Event "Championnat de France - Open A"]
[Site "Chartres"]
[Date "2005.08.??"]
[Round "7.9"]
[White "Guennoun, Anthony"]
[Black "Mourot, Felix"]
[Result "1-0"]
[WhiteElo "2087"]
[BlackElo "2198"]
[PlyCount "64"]
[EventDate "2005.??.??"]

1. c4 f5 2. d4 Nf6 3. Nc3 g6 4. Bg5 Bg7 5. Qd2 h6 6. Bxf6 Bxf6 7. e3 d6 8.
O-O-O O-O 9. Nf3 Kh7 10. h4 Nc6 11. Kb1 e5 12. dxe5 Nxe5 13. Nxe5 dxe5 14. Nd5
Be6 15. h5 g5 16. Be2 Bg7 17. Qc2 Qc8 18. e4 f4 19. Ne7 Qe8 20. Ng6 Rg8 21. c5
Qf7 22. b3 Rgd8 23. Bc4 Bxc4 24. Qxc4 Qxc4 25. bxc4 Rd4 26. Rxd4 exd4 27. Rd1
Re8 28. f3 Re6 29. e5 Kg8 30. Rxd4 Rc6 31. Ne7+ Kf8 32. Nxc6 bxc6 1-0

[Event "Championnat de France - Open A"]
[Site "Chartres"]
[Date "2005.08.??"]
[Round "7.10"]
[White "Garbarino, Xavier"]
[Black "Bolon, Karelle"]
[Result "1-0"]
[WhiteElo "2191"]
[BlackElo "2064"]
[PlyCount "29"]
[EventDate "2005.??.??"]

1. d4 d5 2. c4 c6 3. Nc3 e6 4. Bf4 dxc4 5. e3 b5 6. a4 Bb4 7. axb5 cxb5 8. Qf3
Qd5 9. Qg3 Qb7 10. Qxg7 f6 11. Qxh8 Qf7 12. Be2 Qf8 13. Qxh7 a5 14. Bh5+ Kd8
15. Qc7# 1-0

[Event "Championnat de France - Open A"]
[Site "Chartres"]
[Date "2005.08.??"]
[Round "7.14"]
[White "Humeau, Cyril"]
[Black "Guez, Fabien"]
[Result "1/2-1/2"]
[WhiteElo "2059"]
[BlackElo "2165"]
[PlyCount "180"]
[EventDate "2005.??.??"]

1. e4 e6 2. d4 d5 3. Nc3 Bb4 4. exd5 exd5 5. Bd3 Nc6 6. a3 Bxc3+ 7. bxc3 Nf6 8.
Ne2 O-O 9. O-O Na5 10. Re1 Nc4 11. Ng3 Bg4 12. f3 Be6 13. Bg5 h6 14. Bf4 Nb2
15. Qd2 Nxd3 16. cxd3 Kh7 17. Rab1 b6 18. Re2 Rc8 19. Qb2 c5 20. dxc5 Rxc5 21.
d4 Rc6 22. Qc2+ Kh8 23. Qc1 Ng8 24. Bd2 Bc8 25. Re5 Re8 26. Rxe8 Qxe8 27. Qf1
Nf6 28. Re1 Re6 29. Rxe6 Qxe6 30. Qe1 Qxe1+ 31. Bxe1 Ne8 32. Bd2 Nd6 33. Bc1
Nb5 34. Bb2 g6 35. Kf2 Kg8 36. Nf1 f6 37. Ne3 Be6 38. Ke1 Kf7 39. Kd1 h5 40.
Kc2 Nc7 41. Bc1 Ke8 42. Bd2 Kd7 43. Be1 Kc6 44. Kb3 Bc8 45. Bg3 Ne6 46. Bb8 a6
47. Bg3 Bb7 48. f4 Nf8 49. Bh4 Nh7 50. Be1 Bc8 51. h4 Nf8 52. g3 Bh3 53. c4 Be6
54. cxd5+ Bxd5+ 55. Kc2 Ne6 56. Bc3 a5 57. Kd3 Ba2 58. Kc2 Bd5 59. Kd3 f5 60.
Kc2 Nc7 61. Bb2 Nb5 62. Kc1 Nd6 63. Bc3 Ne4 64. Be1 Be6 65. Kb2 Kb5 66. Kb1 Ka4
67. Kb2 b5 68. Nd1 b4 69. axb4 axb4 70. Ne3 Nd6 71. Bd2 Nb5 72. d5 Bf7 73. Nc4
Na3 74. Nxa3 bxa3+ 75. Ka1 Bxd5 76. Bc3 Kb3 77. Bf6 Kc2 78. Be7 a2 79. Bf6 Kd3
80. Bg5 Ke2 81. Kb2 Kf3 82. Ka1 Kxg3 83. Kb2 Kf3 84. Ka1 Ke2 85. Kb2 Kd3 86.
Ka1 Kc2 87. Bf6 Bf7 88. Bg5 Be8 89. Bf6 g5 90. Bxg5 Bg6 1/2-1/2

[Event "Championnat de France - Open B"]
[Site "Chartres"]
[Date "2005.08.23"]
[Round "7.1"]
[White "Grego, Pierre"]
[Black "Petitjean, Pierre"]
[Result "0-1"]
[WhiteElo "1913"]
[BlackElo "1985"]
[PlyCount "124"]
[EventDate "2005.??.??"]

1. e4 g6 2. d4 Bg7 3. Nc3 a6 4. a4 d6 5. Nf3 Nd7 6. Bc4 e6 7. Bg5 Ne7 8. O-O h6
9. Be3 Nf6 10. Bd3 Nc6 11. h3 O-O 12. Qd2 Kh7 13. Rfe1 Nd7 14. Ne2 e5 15. dxe5
Ndxe5 16. Nxe5 Nxe5 17. f4 Nxd3 18. cxd3 d5 19. e5 Rg8 20. d4 Bf8 21. Rf1 a5
22. Nc3 Ra6 23. Rac1 Bb4 24. Qf2 Qd7 25. Qf3 c6 26. Kh2 Rb6 27. Rf2 Qd8 28. g4
f5 29. g5 hxg5 30. fxg5 Kg7 31. Qf4 Rh8 32. Kg3 Be7 33. h4 Rb4 34. Qf3 Qd7 35.
Rh2 f4+ 36. Bxf4 Rxd4 37. e6 Qxe6 38. Re2 Qh3+ 39. Kf2 Qxf3+ 40. Kxf3 Rd3+ 41.
Re3 Rxe3+ 42. Bxe3 Rf8+ 43. Kg2 Bh3+ 44. Kg1 Bd6 45. Bf2 Rf4 46. Bb6 Rg4+ 47.
Kf2 Rf4+ 48. Ke3 Rxh4 49. Bd4+ Kf7 50. Ne2 Bf5 51. Rf1 Rh3+ 52. Kd2 Rd3+ 53.
Kc1 Bb4 54. Bc3 Be7 55. Bd2 Rh3 56. Nd4 Rh5 57. Nxf5 gxf5 58. Rxf5+ Ke6 59. Rf3
Bxg5 60. Rb3 Rh1+ 61. Kc2 Rh2 62. Rd3 Rxd2+ 0-1

[Event "Championnat de France - Open B"]
[Site "Chartres"]
[Date "2005.08.23"]
[Round "7.2"]
[White "Pantioukhine, Slava"]
[Black "Le Clezio, Sylvain"]
[Result "1-0"]
[WhiteElo "1989"]
[BlackElo "1883"]
[PlyCount "158"]
[EventDate "2005.??.??"]

1. e4 d5 2. exd5 Qxd5 3. Nc3 Qa5 4. d4 Nf6 5. Bc4 Bf5 6. Bd2 c6 7. Nf3 e6 8.
Qe2 Bb4 9. a3 Nbd7 10. O-O Bxc3 11. Bxc3 Qc7 12. Nh4 Bg6 13. Rfe1 O-O 14. Nxg6
hxg6 15. Rad1 Rfd8 16. Rd2 Nd5 17. Qf3 N7f6 18. b3 Nxc3 19. Qxc3 Qf4 20. Qe3
Qd6 21. a4 Rd7 22. Red1 Qc7 23. Be2 Rad8 24. c4 b6 25. b4 c5 26. dxc5 bxc5 27.
Rxd7 Rxd7 28. bxc5 Rxd1+ 29. Bxd1 Nd7 30. c6 Ne5 31. Bf3 Nxc4 32. Qe2 Nd6 33.
h3 Kf8 34. Qe5 Ne8 35. Qc3 Nd6 36. h4 Kg8 37. h5 gxh5 38. Bxh5 Kf8 39. Bf3 Kg8
40. g4 Ne8 41. Qd4 Nd6 42. g5 g6 43. Kg2 Kh7 44. Qf4 Kg8 45. Qe5 Ne8 46. Qc5
Nd6 47. Kf1 Ne8 48. Ke2 Nd6 49. Qe5 Ne8 50. Qxc7 Nxc7 51. Kd3 Kf8 52. Kc4 Ke7
53. Kc5 Na6+ 54. Kd4 Kd6 55. Be2 Nc7 56. Bc4 Ne8 57. Bb5 Nc7 58. f3 Ne8 59. Kc4
Nc7 60. a5 Ne8 61. Ba6 Nc7 62. Bb7 Ne8 63. f4 Nc7 64. Kd4 Ne8 65. Bc8 f6 66.
Bd7 e5+ 67. Kc3 Nc7 68. gxf6 exf4 69. Kd4 g5 70. Ke4 f3 71. Kxf3 Nd5 72. f7 Ke7
73. Be6 Nc7 74. Bc4 Kf8 75. Kg4 Ke7 76. Kxg5 Na8 77. Kg6 Kf8 78. Kf6 Nc7 79.
Kg6 Na8 {Les blancs gagnent quelques coups plus tard.} 1-0

[Event "Championnat de France - Open B"]
[Site "Chartres"]
[Date "2005.08.23"]
[Round "7.3"]
[White "Zermiche, Cherif"]
[Black "Toussirot, Stephen"]
[Result "1-0"]
[WhiteElo "1971"]
[BlackElo "1839"]
[PlyCount "75"]
[EventDate "2005.??.??"]

1. e4 Nf6 2. Nc3 d5 3. e5 d4 4. exf6 dxc3 5. fxg7 cxd2+ 6. Bxd2 Bxg7 7. c3 Nc6
8. Nf3 Bg4 9. Bc4 e6 10. h3 Bh5 11. Qe2 h6 12. O-O-O Qf6 13. g4 Bg6 14. g5 Qf5
15. Be3 Qb1+ 16. Kd2 Qxb2+ 17. Ke1 Qxe2+ 18. Kxe2 Bh5 19. Bb5 e5 20. gxh6 Bxh6
21. Bxh6 Rxh6 22. Ke3 Rf6 23. Be2 Ke7 24. Rhg1 Rh8 25. Rg3 Rfh6 26. Rb1 b6 27.
Rb5 Kd6 28. c4 Ne7 29. Nxe5 c5 30. Rg5 Ke6 31. Ng4 Nf5+ 32. Kf4 Nd4 33. Re5+
Kd6 34. Nxh6 Nxe2+ 35. Rxe2 Rxh6 36. Rd2+ Ke6 37. Rb3 a6 38. Kg5 {
la suite est illisible, les blancs gagnerent 12 coups plus tard, en matant.}
1-0

[Event "Championnat de France - Open B"]
[Site "Chartres"]
[Date "2005.08.23"]
[Round "7.4"]
[White "Charpentier, Denis"]
[Black "Lavergne, Henri-Jean"]
[Result "1-0"]
[WhiteElo "1917"]
[BlackElo "1968"]
[PlyCount "75"]
[EventDate "2005.??.??"]

1. e4 e5 2. Nc3 Nf6 3. Nf3 Nc6 4. g3 d5 5. exd5 Nxd5 6. Bg2 Nxc3 7. bxc3 Bd6 8.
O-O O-O 9. Re1 Bg4 10. h3 Bh5 11. g4 e4 12. Nd4 Nxd4 13. cxd4 Bg6 14. d3 exd3
15. cxd3 Bb4 16. Bd2 Bxd2 17. Qxd2 Qxd4 18. Rab1 Rab8 19. Rxb7 Rxb7 20. Bxb7
Rb8 21. Ba6 h6 22. Bc4 Rd8 23. Re7 Kh7 24. Qe3 Qxe3 25. fxe3 Bxd3 26. Bxf7 a6
27. Rxc7 Rd6 28. Kf2 Rf6+ 29. Ke1 Rf1+ 30. Kd2 Bb5 31. e4 Rf2+ 32. Ke3 Rh2 33.
Kf4 Rxh3 34. e5 Bd3 35. e6 Bg6 36. Rc8 Rh1 37. Bxg6+ Kxg6 38. e7 1-0

[Event "Championnat de France - Open B"]
[Site "Chartres"]
[Date "2005.08.23"]
[Round "7.5"]
[White "Bleuzen, Cedric"]
[Black "Chin, David"]
[Result "1-0"]
[WhiteElo "1935"]
[BlackElo "1876"]
[PlyCount "67"]
[EventDate "2005.??.??"]

1. d4 d5 2. c4 Nf6 3. Nf3 c6 4. e3 Bg4 5. Nc3 e6 6. Qb3 Qc7 7. Be2 Nbd7 8. Bd2
dxc4 9. Bxc4 Bxf3 10. gxf3 Nb6 11. Be2 e5 12. dxe5 Qxe5 13. O-O-O Nfd7 14. Ne4
f6 15. Bc3 Qf5 16. Bb4 c5 17. Bc3 O-O-O 18. Ng3 Qg6 19. Bd3 Qe8 20. Bb5 a6 21.
Bxd7+ Nxd7 22. Ba5 c4 23. Qxc4+ Kb8 24. Bxd8 Qxd8 25. Qd5 Qc7+ 26. Kb1 Nb6 27.
Qd8+ Qxd8 28. Rxd8+ Kc7 29. Rhd1 Nc4 30. R1d7+ Kc6 31. Rf7 h5 32. Rfxf8 Rh6 33.
Nf5 Rg6 34. Ne7+ 1-0

[Event "Championnat de France - Open B"]
[Site "Chartres"]
[Date "2005.08.23"]
[Round "7.6"]
[White "Mestdagh, Franck"]
[Black "Blot, David"]
[Result "1/2-1/2"]
[WhiteElo "1924"]
[BlackElo "1992"]
[PlyCount "57"]
[EventDate "2005.??.??"]

1. d4 Nf6 2. Nf3 g6 3. c4 Bg7 4. Nc3 O-O 5. e4 d6 6. Be2 e5 7. dxe5 dxe5 8.
Qxd8 Rxd8 9. Nd5 Nxd5 10. cxd5 c6 11. Bc4 cxd5 12. Bxd5 Na6 13. Bg5 Rd7 14. Ke2
h6 15. Bd2 Nc7 16. Bc4 b5 17. Bd3 Bb7 18. Rhc1 f5 19. Ba5 Rc8 20. Nd2 Ne6 21.
Rxc8+ Bxc8 22. Rc1 Bb7 23. g3 Nd4+ 24. Kf1 a6 25. Bb1 Nc6 26. Nb3 Nxa5 27. Nxa5
Bxe4 28. Bxe4 fxe4 29. Nb3 1/2-1/2

[Event "Championnat de France - Open B"]
[Site "Chartres"]
[Date "2005.08.23"]
[Round "7.7"]
[White "Delaire, Eric"]
[Black "Bleuzen, Erwan"]
[Result "1/2-1/2"]
[WhiteElo "1925"]
[BlackElo "1994"]
[PlyCount "59"]
[EventDate "2005.??.??"]

1. e4 c5 2. Nf3 Nc6 3. d4 cxd4 4. Nxd4 e5 5. Nb5 d6 6. N1c3 a6 7. Na3 b5 8. Nd5
Nge7 9. Bg5 f6 10. Be3 Nxd5 11. exd5 Na5 12. b4 Nb7 13. Bd3 f5 14. c4 f4 15.
Qh5+ g6 16. Bxg6+ hxg6 17. Qxh8 fxe3 18. fxe3 Qg5 19. O-O Qxe3+ 20. Kh1 Bf5 21.
Rf3 Qd4 22. Nc2 Qb2 23. g4 Qxc2 24. gxf5 gxf5 25. Qh5+ Kd7 26. Qf7+ Be7 27.
Qe6+ Ke8 28. Qg8+ Bf8 29. Qe6+ Be7 30. Qg8+ 1/2-1/2

[Event "Championnat de France - Open B"]
[Site "Chartres"]
[Date "2005.??.??"]
[Round "7.9"]
[White "Guerande, Pierre-Franck"]
[Black "Pierre, Timothée"]
[Result "1-0"]
[WhiteElo "1890"]
[BlackElo "1971"]
[PlyCount "49"]
[EventDate "2005.??.??"]

1. d4 f5 2. g3 Nf6 3. Bg2 e6 4. c4 Be7 5. Nf3 d6 6. Nc3 O-O 7. O-O h6 8. Re1
Qe8 9. e4 g5 10. exf5 exf5 11. h4 gxh4 12. Nxh4 Kh7 13. Qd2 Ng8 14. Bd5 Qd8 15.
Bxg8+ Kxg8 16. Qxh6 Bxh4 17. Qg6+ Kh8 18. Qh5+ Kg8 19. gxh4 Rf7 20. Bg5 Qf8 21.
Bh6 Rg7+ 22. Bxg7 Qxg7+ 23. Kh1 Qf7 24. Re8+ Kg7 25. Qh8+ 1-0

[Event "Championnat de France - Open B"]
[Site "Chartres"]
[Date "2005.08.24"]
[Round "7.10"]
[White "Castel, Efflam"]
[Black "Morisse, Matthieu"]
[Result "1-0"]
[WhiteElo "1890"]
[BlackElo "1970"]
[PlyCount "85"]
[EventDate "2005.??.??"]

1. d4 Nf6 2. c4 g6 3. Nc3 Bg7 4. e4 d6 5. Be2 O-O 6. Bg5 Nbd7 7. Qd2 c5 8. d5
a6 9. h4 h5 10. f3 Ne5 11. Nh3 Bd7 12. a4 Qa5 13. O-O Bxh3 14. gxh3 Rae8 15.
Kh1 Qb4 16. Nd1 Qb6 17. a5 Qc7 18. Rb1 Kh7 19. b4 cxb4 20. Qxb4 Rb8 21. Be3
Rfc8 22. Bb6 Qd7 23. Kh2 Qe8 24. Ne3 Ra8 25. Rfc1 Nfd7 26. c5 dxc5 27. Bxc5
Nxc5 28. Rxc5 Qd7 29. f4 Bh6 30. Ng2 Rxc5 31. Qxc5 Rc8 32. Qb4 Rc2 33. Rb2 Qc7
34. Qxb7 Qxb7 35. Rxb7 Rxe2 36. fxe5 Rxe4 37. Rxe7 Ra4 38. Rxf7+ Kg8 39. e6
Rxa5 40. Rd7 Ra2 41. Rd8+ Kg7 42. e7 Bf4+ 43. Kg1 1-0

[Event "Championnat de France - Open B"]
[Site "Chartres"]
[Date "2005.08.24"]
[Round "7.11"]
[White "Vandervorst, Marc"]
[Black "Thill, Alain"]
[Result "1-0"]
[WhiteElo "1945"]
[BlackElo "1880"]
[PlyCount "69"]
[EventDate "2005.??.??"]

1. e4 e5 2. Nf3 Nc6 3. Bc4 Bc5 4. d3 Nf6 5. Nc3 d6 6. a3 a6 7. Be3 Nd4 8. Bxd4
Bxd4 9. Nxd4 exd4 10. Ne2 c5 11. Nf4 b5 12. Ba2 Bb7 13. O-O O-O 14. Nh5 Bc8 15.
f4 Nxh5 16. Qxh5 Be6 17. f5 Bxa2 18. Rxa2 Qf6 19. Raa1 Rae8 20. Rf4 Re5 21.
Raf1 Rfe8 22. g4 g6 23. fxg6 Qxg6 24. Qxg6+ fxg6 25. Rf6 R5e6 26. Rf7 R6e7 27.
Rxe7 Rxe7 28. Rf6 Rd7 29. Kg2 g5 30. e5 dxe5 31. Rxa6 c4 32. Re6 Rd5 33. Kf3
Kf7 34. Rc6 cxd3 35. cxd3 1-0

[Event "Championnat de France - Open C"]
[Site "Chartres"]
[Date "2005.??.??"]
[Round "7.1"]
[White "Jophe, Jacky"]
[Black "Mopin, Stephane"]
[Result "1/2-1/2"]
[WhiteElo "1700"]
[BlackElo "1700"]
[PlyCount "98"]
[EventDate "2005.??.??"]

1. d4 Nf6 2. c4 g6 3. Nc3 d5 4. cxd5 Nxd5 5. e4 Nxc3 6. bxc3 c5 7. Bc4 Bg7 8.
Ne2 Nc6 9. Be3 O-O 10. O-O Bg4 11. f3 Na5 12. Bxf7+ Rxf7 13. fxg4 Rxf1+ 14.
Kxf1 Qd6 15. Bf4 Rf8 16. e5 Qe6 17. g5 Qg4 18. g3 Qxg5 19. Kg1 Qf5 20. Qb1 cxd4
21. cxd4 Qxb1+ 22. Rxb1 Rc8 23. d5 Kf7 24. Nd4 Rc5 25. Rb5 Rxb5 26. Nxb5 a6 27.
Nc7 Nc4 28. e6+ Kf8 29. Kf1 Be5 30. Bxe5 Nxe5 31. Ke2 Ng4 32. h3 Nf6 33. Ke3
Ne8 34. Nxe8 Kxe8 35. Kd4 b6 36. Ke5 Kd8 37. d6 exd6+ 38. Kxd6 b5 39. a3 a5 40.
Kc5 b4 41. axb4 axb4 42. Kxb4 Ke7 43. Kc4 Kxe6 44. Kd4 Kf5 45. Kd3 h5 46. Ke3
g5 47. Kf3 g4+ 48. hxg4+ hxg4+ 49. Ke3 Ke5 1/2-1/2

[Event "Championnat de France - Open C"]
[Site "Chartres"]
[Date "2005.??.??"]
[Round "7.3"]
[White "Clementiaux, Laurent"]
[Black "Eber, Raoul"]
[Result "0-1"]
[WhiteElo "1410"]
[BlackElo "1480"]
[PlyCount "100"]
[EventDate "2005.??.??"]

1. e4 e6 2. d4 d5 3. e5 c5 4. c3 Nc6 5. Nf3 Bd7 6. Be2 cxd4 7. cxd4 Bb4+ 8. Nc3
a6 9. O-O Nge7 10. Bg5 h6 11. Bh4 g5 12. Bg3 Nf5 13. a3 Be7 14. h3 h5 15. Rc1
g4 16. hxg4 hxg4 17. Nh2 Bg5 18. Rb1 Nxg3 19. fxg3 Be3+ 20. Kh1 Qg5 21. Bxg4
Nxd4 22. Re1 Qxe5 23. Rxe3 Qxe3 24. Qe1 Qxe1+ 25. Rxe1 Bc6 26. Kg1 Kd7 27. Nf3
Nxf3+ 28. Bxf3 Rac8 29. Rd1 Kd6 30. Kf2 f5 31. Rd2 Bd7 32. Rd4 a5 33. Rd2 Rc7
34. Bd1 Rhc8 35. Rd3 b5 36. Rd2 b4 37. axb4 axb4 38. Ne2 e5 39. Bb3 Be6 40. Ng1
d4 41. Bd1 Bd5 42. Nh3 Be4 43. Ng5 Bc2 44. Be2 Bb3 45. Nf3 Rc2 46. Bd3 Rxd2+
47. Nxd2 Be6 48. b3 e4 49. Nc4+ Bxc4 50. Bxc4 Rxc4 0-1

[Event "Championnat de France - Open C"]
[Site "Chartres"]
[Date "2005.??.??"]
[Round "7.4"]
[White "Kerbaol, Jacques"]
[Black "Pertuisot, Daniel"]
[Result "0-1"]
[WhiteElo "1610"]
[BlackElo "1690"]
[PlyCount "62"]
[EventDate "2005.??.??"]

1. e4 Nf6 2. Nc3 d6 3. d4 g6 4. f3 Bg7 5. Be3 c6 6. Qd2 Qa5 7. a3 a6 8. Nge2 b5
9. b4 Qc7 10. Bh6 O-O 11. g4 e5 12. Bxg7 Kxg7 13. h4 h5 14. Ng3 Rh8 15. Nf5+
Bxf5 16. gxf5 Nbd7 17. Rg1 Rh6 18. Nd1 exd4 19. Qxd4 Ne5 20. Be2 c5 21. Qc3 c4
22. Nf2 Rd8 23. Nh3 d5 24. Qd4 dxe4 25. Qf2 Nxf3+ 26. Bxf3 exf3 27. fxg6 Qe5+
28. Kf1 Qxa1+ 29. Qe1 Rd1 30. gxf7+ Ng4 31. Rxg4+ hxg4 0-1

[Event "Championnat de France - Open C"]
[Site "Chartres"]
[Date "2005.??.??"]
[Round "7.5"]
[White "Ababsa, Tufek"]
[Black "Saint-Paul, Guillaume"]
[Result "1-0"]
[WhiteElo "1700"]
[BlackElo "1620"]
[PlyCount "71"]
[EventDate "2005.??.??"]

1. e4 e6 2. d3 d5 3. Nd2 dxe4 4. Nxe4 Nd7 5. Nf3 Ngf6 6. Bf4 Be7 7. Be2 b6 8.
O-O Bb7 9. Nc3 O-O 10. Re1 Bd6 11. Bg5 c5 12. h4 h6 13. Bd2 Rc8 14. Nh2 Qc7 15.
Nf1 Bc6 16. g4 Bf4 17. g5 hxg5 18. hxg5 Nh7 19. Ne4 Bxe4 20. dxe4 Bxg5 21. Bd3
c4 22. Be2 Rcd8 23. Qc1 Bxd2 24. Qxd2 Ndf6 25. Qe3 Qe5 26. Ng3 Qxb2 27. Kg2 Qd4
28. Qf4 e5 29. Qh4 Nxe4 30. Qxe4 Qxe4+ 31. Nxe4 b5 32. Rad1 f5 33. Nc3 b4 34.
Bxc4+ Kh8 35. Nd5 Nf6 36. Nxb4 1-0

[Event "Championnat de France - Vétérans"]
[Site "Chartres"]
[Date "2005.08.23"]
[Round "7.1"]
[White "Peyrin, Jean"]
[Black "Goldenberg, Richard"]
[Result "0-1"]
[WhiteElo "2059"]
[BlackElo "2305"]
[PlyCount "118"]
[EventDate "2005.??.??"]

1. d4 g6 2. c4 Bg7 3. Nc3 c5 4. d5 f5 5. g3 Bxc3+ 6. bxc3 Qa5 7. Bd2 Nf6 8. Bg2
d6 9. Nh3 Nbd7 10. Nf4 Nb6 11. Qb3 Qa4 12. Ne6 Bxe6 13. dxe6 Ne4 14. Bh6 Qxc4
15. Qxc4 Nxc4 16. h4 O-O-O 17. g4 d5 18. gxf5 gxf5 19. Bh3 Ncd6 20. Rc1 c4 21.
f3 Nc5 22. Kf2 Nxe6 23. Rhd1 Nc7 24. Bf4 e6 25. Rg1 Rd7 26. Rg2 b5 27. Rcg1 Kb7
28. Rg7 Nf7 29. Be3 Ne8 30. R7g2 Ned6 31. Rd1 a5 32. a3 Kc6 33. Bd2 Ne5 34. h5
Rf7 35. Rdg1 Ne8 36. Rg8 Rxg8 37. Rxg8 Nf6 38. Ra8 a4 39. h6 Kb7 40. Rd8 Kc7
41. Ra8 Nc6 42. Be3 Ng4+ 43. Bxg4 fxg4 44. Rg8 gxf3 45. Rg7 Rxg7 46. hxg7 Ne7
47. Bf4+ Kd7 48. Kxf3 Ke8 49. Bd6 Ng8 50. Kf4 Kf7 51. Be5 Ne7 52. Bd6 Ng6+ 53.
Kg5 Kxg7 54. Bc7 h6+ 55. Kh5 e5 56. e3 Kf6 57. Kxh6 Kf5 58. Kh5 Ne7 59. Kh4 Ke4
0-1

[Event "Championnat de France - Vétérans"]
[Site "Chartres"]
[Date "2005.08.23"]
[Round "7.2"]
[White "Louis, Andre"]
[Black "Rosenfeld, Imre"]
[Result "0-1"]
[WhiteElo "1963"]
[BlackElo "2047"]
[PlyCount "102"]
[EventDate "2005.??.??"]

1. c4 e5 2. Nc3 Nf6 3. g3 Bb4 4. Bg2 O-O 5. e3 Bxc3 6. bxc3 e4 7. d4 d6 8. Ne2
Nc6 9. Qc2 Re8 10. O-O Bg4 11. Re1 Qd7 12. Qa4 Qf5 13. Qb5 Qc8 14. Nf4 a6 15.
Qa4 Qf5 16. h3 Bf3 17. Qc2 Bxg2 18. Kxg2 g5 19. g4 Nxg4 20. hxg4 Qxg4+ 21. Kh2
Qh4+ 22. Nh3 g4 23. Rh1 Qxh3+ 24. Kg1 Qf3 25. Ba3 Kh8 26. Qd1 Rg8 27. Qxf3
gxf3+ 28. Kf1 Rg2 29. c5 dxc5 30. Bxc5 b6 31. Ba3 Re8 32. c4 Kg8 33. c5 b5 34.
Rb1 Na5 35. Bc1 c6 36. a4 Nc4 37. axb5 axb5 38. Ra1 Re6 39. Ra8+ Kg7 40. Rb8
Reg6 41. Re8 R6g4 42. d5 Rg5 43. Rxe4 Rxd5 44. Ke1 Rxc5 45. Rf4 Ne5 46. Bb2 f6
47. Kf1 Rg6 48. Rhh4 h6 49. Rd4 Rc2 50. Ba3 Rg2 51. Rh3 Rcxf2+ 0-1

[Event "Championnat de France - Vétérans"]
[Site "Chartres"]
[Date "2005.08.23"]
[Round "7.3"]
[White "Leitner, Walter"]
[Black "Molet, Asher"]
[Result "0-1"]
[WhiteElo "2097"]
[BlackElo "2007"]
[PlyCount "106"]
[EventDate "2005.??.??"]

1. d4 d5 2. c4 e6 3. Nc3 Be7 4. Bf4 Nf6 5. e3 O-O 6. cxd5 exd5 7. Bd3 c6 8. Qc2
Nbd7 9. O-O-O b5 10. Nf3 a5 11. h3 b4 12. Na4 Ba6 13. Bxa6 Rxa6 14. Qd3 Qa8 15.
Kd2 c5 16. dxc5 Nxc5 17. Nxc5 Bxc5 18. Ke2 Re8 19. Kf1 Bd6 20. Bxd6 Rxd6 21. h4
Rc6 22. Nd4 Rc4 23. f3 Rec8 24. Kf2 a4 25. g4 a3 26. Rd2 Nd7 27. bxa3 bxa3 28.
Rhd1 Rb8 29. Nf5 Nc5 30. Qxd5 Qxd5 31. Ne7+ Kf8 32. Nxd5 Rb2 33. Ke2 Na4 34. e4
f6 35. h5 Kf7 36. Ke1 g6 37. hxg6+ hxg6 38. Ne3 Rc7 39. Rd7+ Rxd7 40. Rxd7+ Ke6
41. Ra7 Nc3 42. Ra6+ Kf7 43. Rxa3 Re2+ 44. Kf1 Rxe3 45. Kg2 g5 46. Ra6 Re2+ 47.
Kg3 Rxa2 48. Rxa2 Nxa2 49. f4 Nb4 50. e5 fxe5 51. fxg5 Kg6 52. Kf3 Kxg5 53. Ke4
Nc6 0-1

[Event "Championnat de France - Vétérans"]
[Site "Chartres"]
[Date "2005.08.23"]
[Round "7.4"]
[White "Guillaumat, Jean-Pierre"]
[Black "Lafitte, Jean"]
[Result "1/2-1/2"]
[WhiteElo "2034"]
[BlackElo "1770"]
[PlyCount "45"]
[EventDate "2005.??.??"]

1. d4 d5 2. Nf3 Nf6 3. c4 dxc4 4. Nc3 Bf5 5. e3 e6 6. Bxc4 c6 7. a4 a5 8. O-O
h6 9. Re1 Bb4 10. Bd3 Bxd3 11. Qxd3 O-O 12. Rd1 Na6 13. e4 Qc7 14. e5 Nd5 15.
Bd2 Rad8 16. Rac1 Qe7 17. Qe4 Rd7 18. Qg4 Kh8 19. Qh5 Kh7 20. Ng5+ Kg8 21. Nge4
f5 22. Ng3 Qf7 23. Qxf7+ 1/2-1/2

[Event "Championnat de France - Vétérans"]
[Site "Chartres"]
[Date "2005.08.23"]
[Round "7.5"]
[White "Dubreuil, Remy"]
[Black "Labarthe, Arnaud"]
[Result "0-1"]
[WhiteElo "2023"]
[BlackElo "2029"]
[PlyCount "62"]
[EventDate "2005.??.??"]

1. e4 d5 2. e5 c5 3. c3 d4 4. cxd4 cxd4 5. d3 Nc6 6. f4 Nh6 7. Be2 e6 8. a3 a5
9. Nf3 Bc5 10. Nbd2 O-O 11. O-O b6 12. Ne4 Be7 13. Qb3 a4 14. Qc2 Bb7 15. Bd2
Qd7 16. Rac1 Rfc8 17. Qb1 Na5 18. Rxc8+ Bxc8 19. Bxa5 Rxa5 20. Rc1 Bb7 21. Ned2
Rc5 22. b4 Rxc1+ 23. Qxc1 Nf5 24. Kf2 h6 25. Qb2 h5 26. Ne1 h4 27. Bf3 g5 28.
Nc2 g4 29. Bxg4 Ne3 30. Bf3 Bxf3 31. Nxf3 Nd1+ 0-1

[Event "Championnat de France - Accession"]
[Site "Chartres"]
[Date "2005.08.24"]
[Round "8.1"]
[White "Libiszewski, Fabien"]
[Black "Prie, Eric"]
[Result "1-0"]
[WhiteElo "2413"]
[BlackElo "2464"]
[PlyCount "71"]
[EventDate "2005.??.??"]

1. c4 c6 2. e4 d5 3. cxd5 cxd5 4. exd5 Nf6 5. Qa4+ Nbd7 6. Nc3 g6 7. Nf3 Bg7 8.
Bc4 a6 9. d3 O-O 10. Qa3 Nb6 11. Qb3 Bg4 12. Ng5 Qc7 13. d6 exd6 14. Bxf7+ Kh8
15. Be3 Nbd7 16. d4 Nb6 17. Rc1 h6 18. Nd5 Nbxd5 19. Rxc7 Nxc7 20. Nf3 Bxf3 21.
gxf3 g5 22. h4 g4 23. fxg4 Nxg4 24. Rg1 Nxe3 25. fxe3 Rad8 26. Bg6 Rd7 27. Rf1
Bf6 28. Ke2 b5 29. Qc2 Re7 30. Qc6 Kg7 31. Qxd6 Ne6 32. d5 Rd8 33. Qg3 Nd4+ 34.
Kd2 Be5 35. Qg2 Nc6 36. Bd3+ 1-0

[Event "Championnat de France - Accession"]
[Site "Chartres"]
[Date "2005.08.24"]
[Round "8.2"]
[White "Gozzoli, Yannick"]
[Black "Chernuschevich, Alexei"]
[Result "1/2-1/2"]
[WhiteElo "2444"]
[BlackElo "2530"]
[PlyCount "20"]
[EventDate "2005.??.??"]

1. e4 c5 2. Nf3 e6 3. Nc3 a6 4. d4 cxd4 5. Nxd4 Qc7 6. Bd3 Nf6 7. O-O Nc6 8.
Nxc6 dxc6 9. f4 e5 10. Kh1 Be7 1/2-1/2